Т. 4, дополнительный; Диоды и их зарубежные аналоги

Bibliografiske detaljer
Parent link:Диоды и их зарубежные аналоги: в 3 т./ В. П. Черепанов. Т. 4, дополнительный.— , 2011
Summary:В четвертый дополнительный том издания "Диоды и их зарубежные аналоги" вошли справочные сведения о новых приборах, запущенных в серийное производство отечественными заводами-изготовителями после 2000 года. Приводятся электрические и эксплуатационные характеристики полупроводниковых приборов — выпрямительных диодов и столбов, диодных сборок, блоков модулей, матриц, стабилитронов и ограничителей напряжения, а также охладителей для силовых диодов. Даются классификация и система обозначений, основные стандарты для описанных в справочнике приборов. Для конкретных типов приборов приводятся сведения об основном назначении, габаритных и присоединительных размерах и маркировке. В приложении даются зарубежные аналоги полупроводниковых диодов, помещенных в справочнике, и названия фирм-изготовителей. Представлен перечень полупроводниковых диодов, вошедших в 1-4 тома.
Sprog:russisk
Udgivet: 2011
Fag:
Format: MixedMaterials Bog
KOHA link:https://koha.lib.tpu.ru/cgi-bin/koha/opac-detail.pl?biblionumber=201932

MARC

LEADER 00000nam0a2200000 4500
001 201932
005 20231031185240.0
010 |a 9785930371888 
035 |a (RuTPU)RU\TPU\book\220081 
035 |a BOOK00031324 
035 |a RU\TPU\book\31245 
090 |a 201932 
100 |a 20011209g2011 k y0rusy50 ca 
101 0 |a rus 
102 |a RU 
105 |a a bg 000zy 
200 0 |a Т. 4, дополнительный 
210 |d 2011 
215 |a 631 с.  |c ил. 
330 |a В четвертый дополнительный том издания "Диоды и их зарубежные аналоги" вошли справочные сведения о новых приборах, запущенных в серийное производство отечественными заводами-изготовителями после 2000 года. Приводятся электрические и эксплуатационные характеристики полупроводниковых приборов — выпрямительных диодов и столбов, диодных сборок, блоков модулей, матриц, стабилитронов и ограничителей напряжения, а также охладителей для силовых диодов. Даются классификация и система обозначений, основные стандарты для описанных в справочнике приборов. Для конкретных типов приборов приводятся сведения об основном назначении, габаритных и присоединительных размерах и маркировке. В приложении даются зарубежные аналоги полупроводниковых диодов, помещенных в справочнике, и названия фирм-изготовителей. Представлен перечень полупроводниковых диодов, вошедших в 1-4 тома. 
461 |t Диоды и их зарубежные аналоги  |o в 3 т.  |f В. П. Черепанов  |v Т. 4, дополнительный  |d 2011  |s Справочник 
606 1 |a Диоды полупроводниковые  |x Параметры  |2 stltpush  |3 (RuTPU)RU\TPU\subj\9557 
610 1 |a электроника 
610 1 |a зарубежные диоды 
610 1 |a диоды Шоттки 
610 1 |a быстровосстанавливающиеся диоды 
610 1 |a характеристика 
610 1 |a эксплуатация 
610 1 |a лавинные диоды 
610 1 |a сборка 
610 1 |a стабилитроны 
610 1 |a справочники 
610 1 |a каталоги 
675 |a 621.382.2(03)  |v 3 
801 1 |a RU  |b 63413507  |c 20111004 
801 2 |a RU  |b 63413507  |c 20150611  |g RCR 
942 |c BK 
959 |a 87/20111004  |d 2  |e 460,00  |f ЧЗТЛ:1  |f АНЛ:1